000 00282nam a2200121Ia 4500
005 20251222144701.0
008 251222s9999||||xx |||||||||||||| ||spa||
020 _a84-300-7640-9
082 _a248.4/D35
100 _aArmas, Abelardo de
245 0 _aLuces en la Noche
942 _cLIB
999 _c17442
_d17442